Pays du bassin du Congo sur une carte - Statistiques

Statistiques générales
  • Ce quiz a été pris 96 fois
  • Le résultat moyen est 9 sur 10
Réponses sur la Carte
Les réponses sont colorées sur une échelle allant du rouge au vert en fonction du pourcentage des utilisateurs qui les ont devinées à leur premier essai. Vous pouvez retrouver ces pourcentages ci-dessous.
 
Statistiques - réponses
Pays % Correct
République démocratique du Congo
100%
République du Congo
100%
République Centrafricaine
95%
Burundi
92%
Cameroun
92%
Rwanda
92%
Angola
90%
Tanzanie
89%
Zambie
84%
Soudan du Sud
82%
Aucun quiz correspondant
Distribution des résultats
% des personnes avec chaque résultat
Percentile par nombre de réponses
Votre historique - résultats
Vous n’avez pas pris ce quiz